Super Smash Bros. Franchises by Logos - Statistics

General Stats
  • This quiz has been taken 381 times
  • The average score is 33 of 40
Answers on the Map
Answers color-coded by a green-red scale on the quiz's map according to % correct below.
 
Answer Stats
Answer % Correct
Pac-Man
92%
Pokemon
91%
Donkey Kong
90%
Sonic
90%
Final Fantasy
88%
Game and Watch
88%
The Legend of Zelda
88%
WarioWare
88%
Yoshi's Island
88%
Animal Crossing
87%
Splatoon
87%
Super Smash Bros.
87%
Castlevania
86%
Duck Hunt
86%
Kirby's Dreamland
86%
Wii Fit
86%
Punch-Out!!
85%
Star Fox
85%
Street Fighter
85%
Super Mario
85%
Persona
84%
Minecraft
83%
Earthbound | Mother
82%
Kid Icarus
82%
Xenoblade Chronicles
82%
Metroid
80%
F-Zero
79%
Pikmin
79%
Banjo-Kazooie
78%
Metal Gear
78%
R.O.B.
78%
Fire Emblem
77%
ARMS
76%
Ice Climber
75%
Kingdom Hearts
74%
Bayonetta
72%
Mega Man
69%
Dragon Quest
68%
Fatal Fury
68%
Tekken
64%
No matching quizzes found
Score Distribution
Percent of People with Each Score
Percentile by Number Answered
Your Score History
You have not taken this quiz